00687nam a22002057a 4500003000500000005001700005008004100022010000900063011000900072035000900081040000900090111013900099245003200238260006500270300001400335501003800349650002500387650004000412650002900452CHAP20220329133501.0971013s1991 r 10010 d a6906 a7878 a7103 cCHAP00aInternational Workshop on Vegetable Production Through the Use of Fertilizer, Mulching and Irrigation (d1991c: Chiang Mai, Thailand) aSummary of final discussion aTaipei, Taiwan :bFood & Fertilizer Technology Center,c1991 app. 23-24 aEnc. con otros impresos similares14aAcolchado de suelos.14aFertilizantesxEfecto en legumbres.14aLegumbresxIrrigación.